00467nam a22001817i 45000010005000000030004000050050017000090070003000260080041000290240014000700400008000842450049000922600022001414900049001636510014002121100040002268660019002667842OSt20170126082404.0tu161220s2009 xxu||||| |||| 00| 0 d7 a78422RID cOSt00aEconomic and Social Development of Lithuania aLithuania,c2009. aEconomic and Social Development of Lithuania aLithuania2 aLithuanian Department of Statistics 0u2008 - 2008/11